[Event "1.Frauenbundesliga 2018-19"]
[Site "Germany"]
[Date "2019.01.13"]
[Round "6.2"]
[White "Khademalsharieh, Sarasadat"]
[Black "Kosteniuk, Alexandra"]
[Result "1-0"]
[WhiteElo "2468"]
[BlackElo "2537"]
[Annotator "TA"]
[PlyCount "143"]
[EventDate "2018.10.27"]
[EventType "team-tourn"]
[EventCountry "GER"]
[SourceTitle "playchess.com"]
[Source "ChessBase"]
[SourceQuality "1"]

{[%evp 17,143,7,8,2,7,9,12,12,16,4,16,0,8,6,22,4,4,4,10,0,0,0,4,-9,-6,-49,0,0,0,0,0,-23,0,0,0,-16,0,0,0,0,7,6,6,7,17,15,19,19,29,29,33,24,31,27,32,-18,0,-7,-2,-22,-12,-111,-41,-41,-44,-50,-50,-51,-68,-71,89,38,593,588,582,414,411,380,394,391,378,304,436,429,450,432,609,598,468,459,418,339,461,445,471,470,870,831,1064,1040,1286,1195,956,944,2660,1529,1544,1431,2864,2436,5197,4818,2699,2027,1450,1003,29978,29979,29979,29980,29980,29981,29981,29982,29982,29983,29985,29986]} 1. Nf3 Nf6 2. c4 b6 3. g3 Bb7 4. Bg2 e6 5. d4 Be7 6. O-O O-O 7. Nc3 Ne4 8. Bd2 d5 9. cxd5 exd5 {LiveBook: 125 Games} 10. Qb3 {E18: Queen's Indian: Old Main Line (4 g3 Bb7 5 Bg2 Be7 6 0-0 0-0 7 Nc3)} (10. Rc1 Nd7 11. Bf4 Nxc3 12. Rxc3 c5 13. dxc5 bxc5 14. Rc1 Nf6 15. Bg5 Qb6 16. Qc2 Rfe8 17. Nd2 h6 18. Bxf6 Bxf6 19. e4 dxe4 20. Bxe4 Rad8 21. Bxb7 Qxb7 22. Nb3 Bd4 23. Nxc5 Bxc5 24. Qxc5 Qxb2 25. Qxa7 {½-½ (25) Aronian,L (2805)-Korobov,A (2652) Riadh 2017}) 10... c5 11. Bf4 Na6 12. Rfd1 {The position is equal.} c4 13. Qc2 Nb4 14. Qc1 $146 ({Predecessor:} 14. Qb1 f5 15. Ne5 Rc8 16. f3 Nxc3 17. bxc3 Nc6 18. a4 g5 19. Nxc6 Rxc6 20. Be5 f4 21. e4 Rg6 22. Rf1 Bc6 23. Ra2 Qd7 {½-½ (23) Schmidt,L (2402)-Walther,J (2243) ICCF email 2016}) 14... Rc8 15. h4 Qe8 16. a3 Nxc3 17. bxc3 Nc6 18. Ra2 Rd8 19. Qb1 h6 20. Ne5 Nxe5 21. Bxe5 Qa4 (21... f6 $5 {[%cal Rf6e5]} 22. Bc7 Rc8 $11) 22. Re1 Rfe8 23. Bf3 Bc6 24. Kg2 Qb3 25. Qa1 {Strongly threatening a4.} Qa4 26. Rh1 Bf8 27. Qc1 Qa5 28. g4 {[%cal Bg3g4,Bg4g5][%mdl 32]} Bd6 29. Bxd6 Rxd6 30. Rh3 b5 31. g5 Qd8 32. Rg3 Kf8 {[%cal Bg8f8,Bf8e7,Be7d8,Bd8c7][%mdl 32]} 33. Qf4 Rde6 34. Ra1 Qd6 35. Qd2 a5 36. Kh1 Ke7 37. h5 Kd8 38. Rag1 Kc7 39. Qc2 (39. Qc1 $11 {keeps the balance.}) 39... hxg5 (39... Qxa3 $17 40. Qh7 Qf8) 40. Rxg5 $15 g6 41. hxg6 Rh8+ 42. Rh5 Rxh5+ 43. Bxh5 {Black must now prevent g7.} Qf4 $2 (43... fxg6 $1 $17 {and life is bright.} 44. Rxg6 Rxg6 45. Qxg6 Qxa3 46. Qf7+ Bd7) 44. g7 $16 Bd7 $2 {[%mdl 8192] [#]} (44... Qh4+ $1 $14 45. Kg2 Rf6) 45. Rg2 $1 $18 (45. g8=Q $2 Qh4+ 46. Kg2 Rg6+ 47. Kf1 Rxg8 $19) (45. Rg4 Qxf2 46. Qc1 (46. g8=Q $2 Qf1+ 47. Kh2 Re3 $19) 46... Rh6 $16) 45... Re8 46. g8=Q Rxg8 47. Rxg8 Qh4+ 48. Kg1 Qxh5 {[%mdl 4096] Endgame KQR-KQB} 49. Qd2 {aiming for Qf4+.} Qf5 (49... Qh4 $142 50. a4 Kb6 51. axb5 Kb7) 50. Qe3 Qb1+ 51. Kg2 Be6 (51... Qf5 $142 52. Qe7 Qe4+ 53. Qxe4 dxe4) 52. Qf4+ Kc6 53. Rd8 {Qd6+ would kill now.} Qg6+ {[#]} 54. Kf3 $1 {Intending Qd6+ and mate.} ({Not} 54. Qg3 Qe4+ 55. Kh2 Qh7+ 56. Kg2 Qe4+ 57. Qf3 (57. Kh2 Qh7+ 58. Kg2 Qe4+ $11) 57... Qg6+ 58. Qg3 Qe4+ $11) 54... Bg4+ 55. Ke3 ({Stronger than} 55. Qxg4 Qf6+ 56. Qf4 Qxd8 $14) 55... Qe6+ 56. Qe5 b4 (56... Bh3 $142 57. Qxe6+ Bxe6) 57. Qxe6+ Bxe6 58. axb4 axb4 59. cxb4 {[%cal Bc3b4,Bb4b5,Bb5b6][%mdl 32] KR-KB} Kb5 60. Rb8+ Ka4 61. Kd2 Kb3 62. Kc1 Kc3 63. e3 Kb3 64. b5 Kb4 65. b6 Kb5 66. Kd2 Ka5 67. Kc3 {White mates.} Kb5 68. f3 {[%cal Bf2f3,Bf3f4][%mdl 32]} Ka5 69. e4 {[%cal Be3e4,Be4e5][%mdl 32]} Kb5 70. e5 Ka5 71. f4 Kb5 72. b7 {Accuracy: White = 72%, Black = 48%.} 1-0

[Event "1.Frauenbundesliga 2018-19"]
[Site "Germany"]
[Date "2019.01.13"]
[Round "6.3"]
[White "Muzychuk, Mariya"]
[Black "Hoolt, Sarah"]
[Result "1-0"]
[WhiteElo "2540"]
[BlackElo "2358"]
[Annotator "TA"]
[PlyCount "93"]
[EventDate "2018.10.27"]
[EventType "team-tourn"]
[EventCountry "GER"]
[SourceTitle "playchess.com"]
[Source "ChessBase"]
[SourceQuality "1"]

{[%evp 17,93,20,37,5,10,16,11,3,11,0,0,0,45,40,79,28,58,66,77,50,158,157,131,104,135,127,127,120,136,64,87,64,163,70,57,81,52,11,13,7,35,-11,19,-27,0,-12,21,0,44,-26,-28,-30,-30,-30,-26,-60,8,8,314,325,326,283,222,236,288,66,179,89,5597,1759,5281,5206,29983,29984,29990,29991,29994,29995]} 1. c4 Nf6 2. Nc3 d5 3. cxd5 Nxd5 4. Nf3 e6 5. e4 Nxc3 6. bxc3 c5 7. Bc4 Nc6 8. O-O Be7 9. d4 O-O 10. Bb2 {D41: Queen's Gambit Declined: Semi-Tarrasch with 5 cxd5} (10. Be3 cxd4 11. cxd4 b6 12. Rc1 Na5 13. Bd3 Bb7 14. Ne5 Bd6 15. f4 f5 16. d5 Bxe5 17. fxe5 fxe4 18. Rxf8+ Qxf8 19. Bxe4 Qa3 20. Qf3 h6 21. Rc7 Qf8 22. Qg4 Re8 23. Qg6 {1-0 (23) Patrushev,K (2138)-Rudometov,M (2279) Ekaterinburg 2018}) 10... b6 11. Qe2 Bb7 $146 ({Predecessor:} 11... cxd4 12. cxd4 {0-1 (32) Spassov,L-Daskalov,G Sofia 1972}) 12. Rfd1 {The position is equal.} Qc7 13. Qe3 Na5 14. Bd3 $1 c4 15. Bc2 Rae8 16. h4 (16. e5 $16) 16... f5 17. Re1 f4 18. Qe2 e5 (18... Rf7 $14) 19. Nxe5 $16 Bxh4 20. Qg4 Bd8 21. Ba3 Bc8 22. Qh5 {Hoping for Ba4.} Be7 23. Bb4 (23. Bc1 $16) 23... Bxb4 $14 24. cxb4 Nb7 (24... Nc6 $14 25. Nxc6 (25. Nxc4 Nxd4 26. Qd5+ Be6 $11) 25... Qxc6) 25. Ba4 (25. Nxc4 $1 $18 {aiming for Rac1.} Be6 26. Bb3) 25... Re6 $1 26. Rac1 Rh6 27. Qg5 Nd6 28. Bc6 {With the idea Bd5+.} b5 29. Rc3 Bb7 30. d5 Bc8 31. a4 a6 32. axb5 {[%mdl 64] Remove Defender} axb5 33. Bxb5 ({Better is} 33. Ra3 $14) 33... Nxb5 $11 34. Rxc4 Qb7 {And now ...Nd6 would win.} 35. Rec1 Rhf6 36. Nc6 Nd6 ({Black should try} 36... h6 $15 37. Qh4 Kh7) 37. e5 Nf7 $2 {[%mdl 8192] [#]} (37... h6 $11 {and Black has nothing to worry.} 38. Qh4 Nxc4 39. exf6 Rxf6) 38. Ne7+ $1 $18 {[%mdl 576] Double Attack, Discovered Attack} Kh8 (38... Qxe7 39. exf6) 39. exf6 {[%csl Gg5][%cal Rf6g7]} Nxg5 40. Rxc8 {[%cal Rc8f8]} gxf6 41. Rxf8+ Kg7 {[#]} 42. Rg8+ (42. Rfc8 $1 $18 {and the rest is easy.}) 42... Kh6 $2 {[%mdl 8192]} (42... Kf7 $16 43. d6 Qxb4) 43. d6 (43. Nf5+ $142 Kh5 44. Rc4 Kg4 45. Ne3+ Kh5 46. Rxf4 Qf7 47. g4+ Kh4 48. Ng2+ Kh3 {[#]} 49. Rxg5 $1 {[%mdl 576] Pin}) 43... Qd7 44. Kh2 Kh5 45. Rh1 {White mates.} Nh3 46. g4+ fxg3+ 47. Kxg3 {Accuracy: White = 31%, Black = 37%.} 1-0

[Event "1.Frauenbundesliga 2018-19"]
[Site "Germany"]
[Date "2019.01.13"]
[Round "6.4"]
[White "Osmanodja, Filiz"]
[Black "Zatonskih, Anna"]
[Result "1-0"]
[WhiteElo "2318"]
[BlackElo "2428"]
[Annotator "TA"]
[PlyCount "121"]
[EventDate "2018.10.27"]
[EventType "team-tourn"]
[EventCountry "GER"]
[SourceTitle "playchess.com"]
[Source "ChessBase"]
[SourceQuality "1"]

{[%evp 13,120,9,20,17,26,0,0,0,-5,-14,19,-10,0,-10,-18,-56,-58,-162,-172,-215,-233,-263,-57,-56,-60,-100,0,19,42,-70,-79,-73,-74,-165,-7,-7,-7,-26,-12,-16,126,0,0,0,0,0,0,0,0,0,71,0,42,0,0,-48,-17,-78,-59,-94,-40,-61,-63,-73,-88,-108,-59,-37,-4,-8,-4,-14,-4,-17,0,0,11,17,310,308,460,143,141,111,112,0,97,0,0,0,37,-164,-13,-35,-12,-84,-101,-109,-15,-9,33,33,156,168,530,527,29997,29998,29999]} 1. e4 e5 2. Nf3 Nf6 3. Nxe5 d6 4. Nf3 Nxe4 5. Nc3 Nf6 6. d4 Be7 7. d5 {C42: Petroff Defence: 3 Nxe5 and unusual White 3rd moves} (7. Bd3 O-O 8. O-O Nc6 9. d5 Ne5 10. Nxe5 dxe5 11. Re1 Nd7 12. Ne4 Nf6 13. Nxf6+ Bxf6 14. Qf3 Re8 15. c4 b6 {0-1 (41) Wei,Y (2729)-Yu,Y (2762) Danzhou 2018}) 7... O-O {LiveBook: 11 Games} 8. Bf4 c6 9. dxc6 $146 {White has an edge.} ({Predecessor:} 9. Be2 Qb6 10. Rb1 Qa5 11. dxc6 bxc6 12. O-O Bb7 13. Re1 Qd8 14. Qd2 Na6 {1-0 (78) Cheung,B (1946)-Buciu,A (1701) Parramatta 2010}) 9... bxc6 10. Bd3 d5 11. O-O c5 12. Nb5 {Black must now prevent Nc7.} Nc6 13. c4 d4 14. Nh4 g6 15. Bh6 (15. Re1 $15) 15... Re8 $1 $19 16. Qf3 Bd7 17. Bf4 {intending Nc7.} Nh5 $2 (17... Nb4 $19 18. Nf5 gxf5) 18. Bc7 $15 Qc8 19. Nf5 Bf8 (19... a6 $17 20. Nfd6 Bxd6 21. Nxd6 Qxc7 22. Qxf7+ Kh8 23. Nxe8 Rxe8) 20. Rae1 $11 Bxf5 21. Bxf5 (21. Rxe8 $14 Qxe8 22. Bxf5 gxf5 23. Qxh5) 21... Qxf5 $15 22. Qxc6 Rec8 23. Nd6 (23. g3 $17) 23... Bxd6 $2 (23... Qf6 $1 $19 {aiming for ...Rxc7!} 24. Qxc5 Rxc7 $1 {[%mdl 512]} 25. Qxc7 Bxd6) 24. Qxd6 $11 Ng7 {...Ne8 is the strong threat.} 25. Ba5 Qc2 26. Qd5 Ne6 (26... Rab8 $11 {remains equal.}) 27. Rxe6 ({White has to play} 27. f4 $1 $16) 27... fxe6 28. Qxe6+ Kg7 29. Qe7+ Kg8 30. Qe6+ Kg7 31. Qe5+ Kh6 (31... Kf7 $11 32. Qd5+ (32. Re1 Qf5 $17) 32... Kg7) 32. Qf4+ (32. h4 $16) 32... g5 33. Qd6+ {[%mdl 1024] White has compensation.} (33. Qe5 $5 {[%cal Rf2f4]} Rf8 34. Qxc5 $14) 33... Qg6 34. Qd5 Qc6 $1 {[%cal Rc6d5] Hoping for ...Qxd5.} 35. Qf5 (35. Qe5 $1 $11) 35... Rf8 $17 36. Qh3+ Kg6 (36... Kg7 $17 37. Bd2 h6) 37. Qd3+ $1 $15 Kg7 38. Qg3 Rf5 39. h4 h6 40. Bd2 {[%cal Rh4g5]} Qf6 41. Re1 Rf8 {[%cal Rf5f2]} 42. f3 Rf7 43. Qg4 Qc6 44. b4 Kg6 45. hxg5 hxg5 $2 {[%mdl 8192] [#]} (45... cxb4 $1 $11 46. gxh6+ Kh7) 46. Bxg5 $1 $18 {[%mdl 512]} Kh7 {[#]} (46... Rxg5 {keeps fighting.} 47. Re6+ Qxe6 $1 {[%mdl 512]} 48. Qxe6+ Kg7) 47. Qh4+ $2 (47. Re4 $1 $18) 47... Kg8 $16 48. Bh6 {Threatens to win with Re4.} R5f6 49. Bg5 Rf5 50. b5 ({White should try} 50. Bd2 $16) 50... Qg6 $11 51. f4 d3 52. Rd1 $2 {[#]} (52. g4 $14 {stays ahead.} Rxf4 53. Bxf4 Rxf4 54. Qd8+ Rf8 55. Qd5+ Kh8 56. Qh5+ Qxh5 57. gxh5) 52... Rd7 $2 (52... Qd6 $1 $19 {Strongly threatening ...Rh7.} 53. Qg4 Qd4+ 54. Kf1 Kf8) 53. Qg3 Rf8 54. Qe3 (54. Rd2 $11 {keeps the balance.}) 54... Re8 $17 55. Qh3 Qe6 ({Black should play} 55... Rd4 $17 56. Rd2 Kg7) 56. Rxd3 $11 Qe1+ 57. Kh2 Rh7 (57... Rxd3 $1 $14 58. Qxd3 Qe6) 58. Bh6 $16 Re6 $2 (58... Kh8 {is tougher.} 59. Rd5 Rg8) 59. Rd8+ $18 Kf7 60. Qf5+ {[%mdl 64] Double Attack} Ke7 61. Qf8# {Accuracy: White = 29%, Black = 30%.} 1-0

[Event "1.Frauenbundesliga 2018-19"]
[Site "Germany"]
[Date "2019.01.13"]
[Round "6.5"]
[White "Kachiani-Gersinska, Ketino"]
[Black "Fuchs, Judith"]
[Result "1/2-1/2"]
[WhiteElo "2314"]
[BlackElo "2249"]
[Annotator "NA"]
[PlyCount "67"]
[EventDate "2018.10.27"]
[EventType "team-tourn"]
[EventCountry "GER"]
[SourceTitle "playchess.com"]
[Source "ChessBase"]
[SourceQuality "1"]
[TimeControl "40/5400+30:1800+30"]

1. Nf3 {[%emt 0:00:30]} Nf6 {[%emt 0:00:30]} 2. g3 {[%emt 0:00:30]} b5 {[%emt 0:00:00]} 3. Bg2 {[%emt 0:00:00]} Bb7 {[%emt 0:00:00]} 4. O-O {[%emt 0:00:00]} e6 {[%emt 0:00:30]} 5. d3 {[%emt 0:00:00]} Be7 {[%emt 0:00:00]} 6. e4 {[%emt 0:01:00]} d6 {[%emt 0:00:00]} 7. a4 {[%emt 0:01:30]} b4 {[%emt 0:00:30]} 8. Re1 {[%emt 0:00:30]} O-O {[%emt 0:00:30]} 9. Nbd2 {[%emt 0:00:30]} c5 {[%emt 0:02:30]} 10. a5 {[%emt 0:06:30]} Qc7 {[%emt 0:01:30]} 11. Nc4 {[%emt 0:00:30]} Nfd7 {[%emt 0:03:30]} 12. Bf4 {[%emt 0:03:30]} e5 {[%emt 0:10:30]} 13. Bd2 {[%emt 0:03:30]} Nc6 {[%emt 0:01:30]} 14. a6 {[%emt 0:13:30]} Bc8 {[%emt 0:00:30]} 15. Ne3 {[%emt 0:00:30]} Nb6 $14 {[%emt 0:01:30]} 16. Nd5 {[%emt 0:14:30]} Nxd5 {[%emt 0:03:30]} 17. exd5 {[%emt 0:00:30]} Nb8 {[%emt 0:03:30]} 18. Nxe5 {[%emt 0:04:30]} Bf6 {[%emt 0:01:30]} 19. Nc6 {[%emt 0:12:30]} Nxc6 {[%emt 0:04:30]} 20. dxc6 {[%emt 0:00:30]} Bxb2 {[%emt 0:02:30]} 21. Ra2 {[%emt 0:04:30]} Bf6 {[%emt 0:08:30]} 22. d4 {[%emt 0:01:30]} Bxd4 {[%emt 0:03:30]} 23. Bxb4 {[%emt 0:00:30]} Bxf2+ {[%emt 0:03:30]} 24. Kxf2 {[%emt 0:00:00]} cxb4 {[%emt 0:00:30]} 25. Qd4 {[%emt 0:01:00]} Be6 {[%emt 0:05:30]} 26. Ra4 {[%emt 0:00:30]} d5 {[%emt 0:01:30]} 27. Rxb4 {[%emt 0:00:00]} Qxc6 {[%emt 0:00:30]} 28. c4 {[%emt 0:01:00]} Qxa6 {[%emt 0:13:30]} 29. cxd5 {[%emt 0:00:30]} Rad8 {[%emt 0:03:30]} 30. Ra1 {[%emt 0:11:09]} Qc8 {[%emt 0:07:02]} 31. Rc4 {[%emt 0:05:20]} Qb8 {[%emt 0:01:02]} 32. Rb4 {[%emt 0:00:15]} Qc8 {[%emt 0:02:00]} 33. Rc4 {[%emt 0:00:43]} Qb8 {[%emt 0:02:15]} 34. Rb4 {[%emt 0:00:54]} 1/2-1/2

[Event "1.Frauenbundesliga 2018-19"]
[Site "Germany"]
[Date "2019.01.13"]
[Round "6.6"]
[White "Baciu, Diana"]
[Black "Arakhamia-Grant, Ketevan"]
[Result "0-1"]
[WhiteElo "2281"]
[BlackElo "2372"]
[Annotator "NA"]
[PlyCount "136"]
[EventDate "2018.10.27"]
[EventType "team-tourn"]
[EventCountry "GER"]
[SourceTitle "playchess.com"]
[Source "ChessBase"]
[SourceQuality "1"]
[TimeControl "40/5400+30:1800+30"]

1. e4 {[%emt 0:00:30]} c5 {[%emt 0:00:30]} 2. Nf3 {[%emt 0:00:00]} Nc6 {[%emt 0:00:00]} 3. Bb5 {[%emt 0:02:00]} g6 {[%emt 0:00:00]} 4. Bxc6 {[%emt 0:00:00]} dxc6 {[%emt 0:00:30]} 5. d3 {[%emt 0:00:00]} Bg7 {[%emt 0:00:00]} 6. h3 {[%emt 0:00:00]} Nf6 {[%emt 0:00:00]} 7. Nc3 {[%emt 0:02:00]} Nd7 {[%emt 0:00:30]} 8. Be3 {[%emt 0:00:30]} e5 {[%emt 0:00:00]} 9. Qd2 {[%emt 0:01:30]} h6 {[%emt 0:00:00]} 10. O-O {[%emt 0:04:30]} b6 {[%emt 0:00:30]} 11. Nh2 {[%emt 0:00:30]} Nf8 {[%emt 0:06:30]} 12. f4 {[%emt 0:01:30]} exf4 {[%emt 0:00:30]} 13. Bxf4 {[%emt 0:00:00]} Ne6 {[%emt 0:05:30]} 14. Be3 {[%emt 0:00:00]} Nd4 {[%emt 0:01:30]} 15. Nd1 {[%emt 0:06:30]} Qe7 {[%emt 0:10:30]} 16. Nf2 {[%emt 0:03:30]} Bb7 {[%emt 0:21:30]} 17. a4 {[%emt 0:15:30]} a5 {[%emt 0:00:30]} 18. Rad1 {[%emt 0:02:30]} h5 {[%emt 0:33:47]} 19. c3 {[%emt 0:07:30]} Ne6 {[%emt 0:00:10]} 20. Nf3 {[%emt 0:01:30]} O-O {[%emt 0:03:13]} 21. e5 {[%emt 0:06:30]} Rad8 {[%emt 0:04:41]} 22. Bh6 {[%emt 0:09:30]} c4 {[%emt 0:00:49]} 23. Bxg7 {[%emt 0:03:30]} Kxg7 {[%emt 0:00:04]} 24. Qe3 {[%emt 0:07:30]} cxd3 {[%emt 0:00:20]} 25. Qxb6 {[%emt 0:03:30]} c5 {[%emt 0:01:09]} 26. Rxd3 {[%emt 0:02:30]} Rxd3 {[%emt 0:02:57]} 27. Nxd3 {[%emt 0:00:00]} c4 {[%emt 0:00:18]} 28. Nde1 {[%emt 0:05:04]} Qc5+ {[%emt 0:03:31]} 29. Qxc5 {[%emt 0:00:03]} Nxc5 {[%emt 0:00:01]} 30. Nd2 {[%emt 0:06:51]} Nxa4 {[%emt 0:04:17]} 31. Nc2 {[%emt 0:00:02]} Nb6 32. Ne3 {[%emt 0:06:41]} Rc8 {[%emt 0:01:27]} 33. Rf4 {[%emt 0:00:46]} Nd5 {[%emt 0:00:13]} 34. Nxd5 {[%emt 0:00:06]} Bxd5 {[%emt 0:00:03]} 35. Rd4 {[%emt 0:01:31]} Be6 {[%emt 0:00:35]} 36. Kf2 {[%emt 0:02:44]} Rc5 {[%emt 0:00:31]} 37. Kf3 {[%emt 0:00:44]} g5 {[%emt 0:01:03]} 38. Ke4 {[%emt 0:00:46]} h4 {[%emt 0:00:44]} 39. Nf3 {[%emt 0:00:29]} Kg6 {[%emt 0:00:30]} 40. Rd6 {[%emt 0:00:28]} Rb5 {[%emt 0:00:33]} 41. Rd2 {[%emt 0:01:15]} a4 {[%emt 0:10:04]} 42. Nh2 {[%emt 0:11:21]} Bf5+ {[%emt 0:10:28]} 43. Kd4 {[%emt 0:00:15]} Bd3 {[%emt 0:01:03]} 44. Rf2 {[%emt 0:00:11]} Ra5 {[%emt 0:06:41]} 45. Ng4 {[%emt 0:01:19]} a3 {[%emt 0:03:40]} 46. bxa3 {[%emt 0:00:03]} Rxa3 {[%emt 0:00:00]} 47. Ne3 {[%emt 0:00:23]} Ra4 {[%emt 0:00:55]} 48. Nd5 {[%emt 0:01:22]} Ra7 {[%emt 0:00:34]} 49. Nb6 {[%emt 0:01:17]} Rc7 {[%emt 0:00:31]} 50. Kd5 {[%emt 0:02:18]} g4 {[%emt 0:00:30]} 51. hxg4 {[%emt 0:02:57]} Kg5 {[%emt 0:00:14]} 52. Kd6 {[%emt 0:01:51]} Rb7 {[%emt 0:00:06]} 53. Nd7 {[%emt 0:04:51]} Bg6 {[%emt 0:00:08]} 54. Nc5 {[%emt 0:07:01]} Rb1 {[%emt 0:00:21]} 55. Kd5 {[%emt 0:00:19]} Re1 {[%emt 0:00:52]} 56. e6 {[%emt 0:01:21]} fxe6+ {[%emt 0:00:16]} 57. Nxe6+ {[%emt 0:00:02]} Kxg4 {[%emt 0:00:28]} 58. Rf4+ {[%emt 0:00:56]} Kg3 {[%emt 0:00:21]} 59. Rf8 {[%emt 0:00:33]} Be4+ {[%emt 0:01:42]} 60. Kxc4 {[%emt 0:00:04]} Bxg2 {[%emt 0:00:19]} 61. Rg8+ {[%emt 0:00:37]} Kf2 {[%emt 0:00:29]} 62. Ng5 {[%emt 0:00:29]} Re5 {[%emt 0:01:10]} 63. Kd4 {[%emt 0:00:54]} Rd5+ {[%emt 0:00:05]} 64. Kc4 {[%emt 0:00:02]} Rf5 {[%emt 0:00:43]} 65. Kd4 {[%emt 0:00:39]} Rf4+ {[%emt 0:00:43]} 66. Kd3 {[%emt 0:00:47]} Rg4 {[%emt 0:00:34]} 67. Rf8+ {[%emt 0:00:28]} Kg3 {[%emt 0:00:15]} 68. Rf5 {[%emt 0:00:36]} h3 {[%emt 0:00:26]} 0-1

[Event "1.Frauenbundesliga 2018-19"]
[Site "Germany"]
[Date "2019.01.13"]
[Round "6.7"]
[White "Georgescu, Lena"]
[Black "Unuk, Laura"]
[Result "0-1"]
[WhiteElo "2180"]
[BlackElo "2234"]
[Annotator "NA"]
[PlyCount "90"]
[EventDate "2018.10.27"]
[EventType "team-tourn"]
[EventCountry "GER"]
[SourceTitle "playchess.com"]
[Source "ChessBase"]
[SourceQuality "1"]
[TimeControl "40/5400+30:1800+30"]

1. e4 {[%emt 0:04:30]} e6 {[%emt 0:01:30]} 2. d4 {[%emt 0:00:00]} d5 {[%emt 0:00:00]} 3. Nc3 {[%emt 0:00:00]} Nf6 {[%emt 0:00:00]} 4. Bg5 {[%emt 0:00:00]} Bb4 {[%emt 0:00:30]} 5. e5 {[%emt 0:00:00]} h6 {[%emt 0:00:00]} 6. Bc1 {[%emt 0:00:30]} Ne4 {[%emt 0:00:00]} 7. Qg4 {[%emt 0:00:30]} g6 {[%emt 0:00:30]} 8. Nge2 {[%emt 0:00:30]} c5 {[%emt 0:00:30]} 9. a3 {[%emt 0:01:30]} Bxc3+ {[%emt 0:02:30]} 10. Nxc3 {[%emt 0:01:30]} Nxc3 {[%emt 0:00:30]} 11. bxc3 {[%emt 0:00:30]} Qa5 {[%emt 0:00:30]} 12. Bd2 {[%emt 0:00:30]} Qa4 {[%emt 0:02:30]} 13. Bd3 {[%emt 0:00:00]} Nc6 {[%emt 0:07:30]} 14. Qf4 {[%emt 0:09:00]} c4 {[%emt 0:12:30]} 15. Be2 $11 {[%emt 0:11:30]} Qxc2 {[%emt 0:03:30]} 16. O-O {[%emt 0:05:30]} g5 {[%emt 0:13:30]} 17. Qe3 {[%emt 0:07:30]} Ne7 {[%emt 0:03:30]} 18. Rac1 {[%emt 0:07:30]} Qg6 {[%emt 0:03:30]} 19. Bd1 {[%emt 0:02:30]} Nf5 {[%emt 0:03:30]} 20. Qe2 {[%emt 0:00:30]} Bd7 {[%emt 0:00:30]} 21. Bc2 {[%emt 0:04:30]} h5 {[%emt 0:02:30]} 22. a4 {[%emt 0:02:30]} b6 {[%emt 0:03:30]} 23. Bxf5 {[%emt 0:06:30]} Qxf5 {[%emt 0:10:30]} 24. Ra1 {[%emt 0:00:30]} Kf8 {[%emt 0:01:30]} 25. Bc1 {[%emt 0:04:30]} Kg7 {[%emt 0:01:30]} 26. Ba3 {[%emt 0:01:30]} Bxa4 {[%emt 0:06:30]} 27. Be7 {[%emt 0:01:30]} Bc2 {[%emt 0:00:30]} 28. Bf6+ {[%emt 0:09:51]} Kg6 {[%emt 0:00:34]} 29. Bxh8 {[%emt 0:00:49]} Bd3 {[%emt 0:00:28]} 30. Qa2 {[%emt 0:00:31]} Bxf1 {[%emt 0:04:39]} 31. Rxf1 {[%emt 0:00:08]} Rxh8 {[%emt 0:00:11]} 32. Qxa7 {[%emt 0:00:11]} h4 {[%emt 0:01:42]} 33. Qxb6 {[%emt 0:06:28]} h3 {[%emt 0:04:30]} 34. Qb1 {[%emt 0:00:09]} Ra8 {[%emt 0:01:09]} 35. gxh3 {[%emt 0:05:29]} Qxb1 {[%emt 0:01:12]} 36. Rxb1 {[%emt 0:00:05]} Ra3 {[%emt 0:00:23]} 37. Rc1 {[%emt 0:00:38]} Kf5 {[%emt 0:00:08]} 38. Kg2 {[%emt 0:04:18]} Ke4 {[%emt 0:00:43]} 39. Re1+ {[%emt 0:01:09]} Kd3 {[%emt 0:00:35]} 40. Re3+ {[%emt 0:00:07]} Kd2 {[%emt 0:01:01]} 41. Rf3 {[%emt 0:30:05]} Rxc3 {[%emt 0:30:46]} 42. Rxf7 {[%emt 0:00:07]} Rd3 {[%emt 0:01:24]} 43. Rf6 {[%emt 0:00:10]} c3 {[%emt 0:00:19]} 44. Rxe6 {[%emt 0:00:03]} c2 {[%emt 0:00:08]} 45. Rc6 {[%emt 0:00:05]} Rc3 0-1

[Event "1.Frauenbundesliga 2018-19"]
[Site "Germany"]
[Date "2019.01.13"]
[Round "6.8"]
[White "Antolak, Julia"]
[Black "Muetsch, Annmarie"]
[Result "1-0"]
[WhiteElo "2183"]
[BlackElo "2259"]
[Annotator "NA"]
[PlyCount "67"]
[EventDate "2018.10.27"]
[EventType "team-tourn"]
[EventCountry "GER"]
[SourceTitle "playchess.com"]
[Source "ChessBase"]
[SourceQuality "1"]
[TimeControl "40/5400+30:1800+30"]

1. e4 {[%emt 0:00:30]} c5 {[%emt 0:04:30]} 2. Nf3 {[%emt 0:00:00]} Nc6 {[%emt 0:00:30]} 3. d4 {[%emt 0:00:00]} cxd4 {[%emt 0:00:00]} 4. Nxd4 {[%emt 0:00:00]} e5 {[%emt 0:00:00]} 5. Nb5 {[%emt 0:00:00]} d6 {[%emt 0:00:00]} 6. N1c3 {[%emt 0:02:30]} a6 {[%emt 0:00:00]} 7. Na3 {[%emt 0:00:30]} b5 {[%emt 0:00:30]} 8. Nd5 {[%emt 0:00:30]} Nge7 {[%emt 0:00:00]} 9. Be3 {[%emt 0:09:30]} Nxd5 {[%emt 0:00:00]} 10. exd5 {[%emt 0:00:00]} Ne7 {[%emt 0:00:30]} 11. c4 {[%emt 0:03:00]} Nf5 {[%emt 0:00:00]} 12. Nc2 {[%emt 0:15:30]} Nxe3 {[%emt 0:02:00]} 13. Nxe3 {[%emt 0:00:00]} g6 {[%emt 0:25:30]} 14. cxb5 {[%emt 0:05:00]} Bg7 {[%emt 0:00:00]} 15. bxa6 {[%emt 0:09:30]} O-O {[%emt 0:07:00]} 16. Qd2 {[%emt 0:04:30]} f5 {[%emt 0:04:30]} 17. Bb5 {[%emt 0:10:30]} Bxa6 {[%emt 0:23:30]} 18. Bxa6 {[%emt 0:01:30]} Rxa6 {[%emt 0:00:30]} 19. Nc4 {[%emt 0:06:30]} Qh4 {[%emt 0:15:00]} 20. Qe2 {[%emt 0:03:30]} f4 {[%emt 0:00:48]} 21. Nd2 {[%emt 0:04:30]} Rb6 {[%emt 0:02:59]} 22. Rb1 {[%emt 0:01:30]} g5 {[%emt 0:06:12]} 23. O-O {[%emt 0:03:37]} Rfb8 {[%emt 0:03:59]} 24. b3 {[%emt 0:02:09]} Qh6 {[%emt 0:00:43]} 25. f3 {[%emt 0:01:48]} Rb4 {[%emt 0:01:24]} 26. Rbc1 {[%emt 0:02:04]} Rd4 {[%emt 0:00:59]} 27. Rc4 {[%emt 0:01:01]} Rxc4 {[%emt 0:00:58]} 28. Qxc4 {[%emt 0:01:07]} Bf8 {[%emt 0:00:41]} 29. a4 {[%emt 0:01:02]} Qg7 {[%emt 0:00:29]} 30. h3 {[%emt 0:03:28]} Qa7+ {[%emt 0:00:32]} 31. Kh2 {[%emt 0:00:12]} Qe3 {[%emt 0:01:08]} 32. Qc7 {[%emt 0:00:40]} Ra8 {[%emt 0:00:35]} 33. Ne4 {[%emt 0:00:53]} Ra7 {[%emt 0:00:28]} 34. Qd8 {[%emt 0:00:00]} 1-0